| 000 | 00946nam a22002777a 4500 | ||
|---|---|---|---|
| 005 | 20201128021043.0 | ||
| 008 | 140330s1917 xxk frb 001 0 eng d | ||
| 020 | _a9781440057168 | ||
| 082 | 0 | 4 |
_222 _a341.33 _bSAT |
| 100 | 1 |
_935826 _aSatow, Ernest Mason, _d1843-1929 |
|
| 245 | 1 | 2 |
_aA guide to diplomatic practice / _cby the Rt. Hon. Sir Ernest Satow. |
| 260 |
_aLondon : _bLongmans, Green and Co., 39 Paternoster Row., _c1917. |
||
| 300 |
_a1 v. ; _c23 cm. |
||
| 490 | 0 | _aContributions to international law and diplomacy | |
| 500 | _aIncludes appendix. | ||
| 500 | _aIndex : p. 381-405. | ||
| 504 | _aIncludes bibliographical references. | ||
| 590 | _aLibrary contain : v. 2. | ||
| 650 | 0 | _aDiplomatic and consular service | |
| 650 | 0 |
_99620 _aInternational law |
|
| 653 |
_bBUSBOL _cMarch2014 |
||
| 655 |
_vreading book _934232 |
||
| 650 | 0 |
_91135 _aInternational relations |
|
| 650 | 0 |
_911948 _aDiplomacy |
|
| 942 |
_2ddc _k341.33 SAT |
||
| 999 |
_c18190 _d18162 |
||